00729nam a2200205 a 450000100100000000500170001000800410002702000180006804000250008608200170011110000410012824500880016926000400025730000210029750000740031850400330039265000300042565000250045565000430048000001859620200929165828.0100512s2008 dr r 000 0 spa d a9789993458616 aDO-SdBNPbspacBNPHU a340.9bM385p1 aMartinez Calderón, Maribel,d1958-10aPráctica notarial :bla jurisdicción voluntaria /cMaribel Martinez Calderón. aSanto Domingo :bCentenario,c2008. a126 p. :b21 cm. aIncluye datos biográficos de la autora en la solapa de la cubierta. aBibliografía : p. 125-126. 4aJurisdicción voluntaria 4aNotariado y registro 4aJurisdicción (derecho internacional)